000 00757nam a2200241Ia 4500
003 OSt
005 20220926000823.0
006 a|||||r|||| 00| 0
007 ta
008 220923b |||||||| |||| 00| 0 eng d
020 _cRs.230.00
037 _b299, 29/10/1985, Segment Book Distributor
_cGeneral Book
040 _aRTL
_cRTL
_beng
041 _2eng
_aeng
082 _aU7.2.N8, M5
100 _aTAMASKAR B G
245 0 _aContributions to historical geography of India
260 _a New Delhi
_bInter-India Publications India
_c1985
300 _axii,217p.
_ccm.
650 _aHistorical Geography
942 _hU7.2.N8, M5
_cGB
_2CC
999 _c599826
_d599826